000 01238nam a2200217Ia 4500
999 _c39575
_d39575
001 6174
003 GE_BSU
005 20191202154948.0
008 181216s1990||||ge |||||||||||||| ||geo||
040 _cGE_BSU
041 _ageo
080 _a821.353.1-1 + 821.353.1.09 გ-22
100 _aგაფრინდაშვილი, ვალერიან.
_95651
245 _aლექსები, პოემა, თარგმანები, ესსეები, წერილები მწერლის არქივიდან.
_cვალერიან გაფრინდაშვილი ; შემდგ.-რედ. მარინე ჭყონია, რედ. გ. გვერდწითელი.
264 _aთბილისი :
_bმერანი,
_c1990.
300 _a717 გვ. :
_b1 ფ. პორტრ. ;
_c21 სმ.
653 _aლექსები, პოემა, თარგმანები, ესსეები, წერილები.
700 _aჭყონია, მარინა
_eშემდგენელ რედაქტორი
_95670
700 _aგვერდწითელი, გ.
_eრედაქტორი
_93669
942 _cBK
_2udc